Nature in danger : (Record no. 12165)
[ view plain ]
| 000 -LEADER | |
|---|---|
| fixed length control field | 01544pam a2200325 a 4500 |
| 001 - CONTROL NUMBER | |
| control field | 2543780 |
| 005 - DATE AND TIME OF LATEST TRANSACTION | |
| control field | 20081117090256.0 |
| 008 - FIXED-LENGTH DATA ELEMENTS--GENERAL INFORMATION | |
| fixed length control field | 941104s1995 nyuab b 001 0 eng |
| 010 ## - LIBRARY OF CONGRESS CONTROL NUMBER | |
| LC control number | 94043391 |
| 020 ## - INTERNATIONAL STANDARD BOOK NUMBER | |
| International Standard Book Number | 0195211529 |
| 040 ## - CATALOGING SOURCE | |
| Original cataloging agency | DLC |
| Transcribing agency | DLC |
| Modifying agency | DLC |
| 050 00 - LIBRARY OF CONGRESS CALL NUMBER | |
| Classification number | QH541 |
| Item number | .S5345 1995 |
| 082 00 - DEWEY DECIMAL CLASSIFICATION NUMBER | |
| Classification number | 333.95137 |
| Edition number | 20 |
| Item number | GUI |
| 100 1# - MAIN ENTRY--PERSONAL NAME | |
| Personal name | Simon, Noel, |
| Dates associated with a name | 1921-2008. |
| 9 (RLIN) | 7416 |
| 240 10 - UNIFORM TITLE | |
| Uniform title | <a href="Guinness guide to nature in danger">Guinness guide to nature in danger</a> |
| 245 10 - TITLE STATEMENT | |
| Title | Nature in danger : |
| Remainder of title | threatened habitats and species / |
| Statement of responsibility, etc | Noel Simon in association with the World Conservation Monitoring Centre, Cambridge, England. |
| 260 ## - PUBLICATION, DISTRIBUTION, ETC. (IMPRINT) | |
| Place of publication, distribution, etc | New York : |
| Name of publisher, distributor, etc | Oxford University Press, |
| Date of publication, distribution, etc | 1995. |
| 300 ## - PHYSICAL DESCRIPTION | |
| Extent | 240 p. : |
| Other physical details | col. ill., maps ; |
| Dimensions | 30 cm. |
| 500 ## - GENERAL NOTE | |
| General note | Originally published: The Guinness guide to nature in danger. Enfield, Middlesex : Guinness Pub., 1993. |
| 504 ## - BIBLIOGRAPHY, ETC. NOTE | |
| Bibliography, etc | Includes bibliographical references and index. |
| 650 #0 - SUBJECT ADDED ENTRY--TOPICAL TERM | |
| Topical term or geographic name as entry element | Habitat (Ecology) |
| 9 (RLIN) | 7417 |
| 650 #0 - SUBJECT ADDED ENTRY--TOPICAL TERM | |
| Topical term or geographic name as entry element | Endangered species. |
| 9 (RLIN) | 7418 |
| 650 #0 - SUBJECT ADDED ENTRY--TOPICAL TERM | |
| Topical term or geographic name as entry element | Nature conservation. |
| 9 (RLIN) | 7419 |
| 710 2# - ADDED ENTRY--CORPORATE NAME | |
| Corporate name or jurisdiction name as entry element | World Conservation Monitoring Centre. |
| 9 (RLIN) | 7420 |
| 856 42 - ELECTRONIC LOCATION AND ACCESS | |
| Materials specified | Publisher description |
| Uniform Resource Identifier | <a href="http://www.loc.gov/catdir/enhancements/fy0640/94043391-d.html">http://www.loc.gov/catdir/enhancements/fy0640/94043391-d.html</a> |
| 856 42 - ELECTRONIC LOCATION AND ACCESS | |
| Materials specified | Contributor biographical information |
| Uniform Resource Identifier | <a href="http://www.loc.gov/catdir/enhancements/fy0725/94043391-b.html">http://www.loc.gov/catdir/enhancements/fy0725/94043391-b.html</a> |
| 942 ## - ADDED ENTRY ELEMENTS (KOHA) | |
| Source of classification or shelving scheme | Dewey Decimal Classification |
| Item type | Book - Borrowing |
| Withdrawn status | Item status | Source of classification or shelving scheme | Damaged status | Not for loan | Vendor | Home library | Current library | Shelving location | Date acquired | Source of acquisition | Total Checkouts | Full call number | Barcode | Date last seen | Koha item type |
|---|---|---|---|---|---|---|---|---|---|---|---|---|---|---|---|
| Dewey Decimal Classification | Central Library | Central Library | First floor | 01/07/2009 | 333.95137 GUI | 000016722 | 15/07/2025 | Book - Borrowing |